Naučte iných prijať svoje myšlienky

Umenie rozhodovať ako jedna zo základných manažérskych kvalít. Zručnosť úspešných - dokázať vniesť do myšlienkového pochodu človeka, ktorý rozhoduje, čo najviac svojich požiadaviek. Pozitívna manipulácia. Niekoľko príkladov pozitívnej manipulácie. Umenie správne sa rozhodnúť.

Gespeichert in:
Bibliographische Detailangaben
1. Verfasser: Chalupová, Andrea
Format: Buchkapitel
Sprache:Slowakisch
Schlagworte:
Tags: Tag hinzufügen
Keine Tags, Fügen Sie das erste Tag hinzu!

MARC

LEADER 00000naa$a2200000$$$4500
001 0031584
005 20231004130245.3
041 0 |a slo 
044 |a SK 
245 1 0 |a Naučte iných prijať svoje myšlienky  |c Andrea Chalupová 
520 |a Umenie rozhodovať ako jedna zo základných manažérskych kvalít. Zručnosť úspešných - dokázať vniesť do myšlienkového pochodu človeka, ktorý rozhoduje, čo najviac svojich požiadaviek. Pozitívna manipulácia. Niekoľko príkladov pozitívnej manipulácie. Umenie správne sa rozhodnúť. 
610 2 0 |a rozhodovanie manažérske 
610 2 0 |a rozhodovanie taktické 
610 2 0 |a persuázia 
610 2 0 |a manažéri 
610 2 0 |a štýl vedenia 
100 1 |a Chalupová, Andrea